| 000 | 00510nam a2200169Ia 4500 | ||
|---|---|---|---|
| 003 | GCL | ||
| 008 | 140319s9999 xx 000 0 ara d | ||
| 040 |
_aGCL / _cGCL |
||
| 082 | 0 | 4 |
_a953.4 _bم ث |
| 100 | 1 | _aمحمد عبدالمجيد | |
| 245 | 1 | 0 |
_aسلطنة عمان - صناعة الزمن الجميل / _cمحمد عبدالمجيد |
| 300 |
_a152 ص ؛ _c24 سم |
||
| 650 | 0 | 4 | _aعمان |
| 650 | 0 | 4 | _aعمان - تاريخ |
| 650 | 0 | 4 | _aالتنمية السياحية - عمان |
| 942 |
_2ddc _cBK |
||
| 999 |
_c5620 _d5620 |
||